000 00540nam a2200181Ia 4500
005 20250326123510.0
008 250326s9999 xx 000 0 und d
037 _aTextbook
040 _aFMSL
_beng
_cFMSL
041 _aeng
_2eng
084 _aB28(X) P6
_qFMSL
100 _aGaur A S
_9475163
245 0 _aStatistical mehods for practice and research : guide to data analysis using SPSS
_cGaur A S; Gaur S S
260 _and
_bnd, Response
_c2006
300 _a169p
942 _cTB
_hB28(X) P6
999 _c1269624
_d1269624